INSTRUCTOR'S EDITION BUSINESS MATH TODAY (Record no. 84091)

MARC details
000 -LEADER
fixed length control field 00445nam a2200169Ia 4500
003 - CONTROL NUMBER IDENTIFIER
control field OSt
005 - DATE AND TIME OF LATEST TRANSACTION
control field 20260310101923.0
040 ## - CATALOGING SOURCE
Transcribing agency LC
050 ## - LIBRARY OF CONGRESS CALL NUMBER
Classification number HF 5691 .J 64 1985
100 ## - MAIN ENTRY--PERSONAL NAME
Personal name JOHNSON A THOMAS
245 #0 - TITLE STATEMENT
Title INSTRUCTOR'S EDITION BUSINESS MATH TODAY
260 ## - PUBLICATION, DISTRIBUTION, ETC.
Place of publication, distribution, etc. DUBUQUE,
Name of publisher, distributor, etc. WM. BROWN PUBLISHERS,
Date of publication, distribution, etc. 1985,
300 ## - PHYSICAL DESCRIPTION
Extent Viii, 401 P, ILL
650 ## - SUBJECT ADDED ENTRY--TOPICAL TERM
Topical term or geographic name entry element Business mathematics
700 ## - ADDED ENTRY--PERSONAL NAME
Personal name LISSY CAROLE SHEPARD,SEECK JAMES K
942 ## - ADDED ENTRY ELEMENTS (KOHA)
Koha item type Long Loan Book
Source of classification or shelving scheme Library of Congress Classification
Holdings
Withdrawn status Lost status Source of classification or shelving scheme Damaged status Not for loan Collection Home library Current library Shelving location Date acquired Inventory number Total checkouts Full call number Barcode Date last seen Copy number Price effective from Koha item type
    Library of Congress Classification     Business & Economics Kisii University Library Kisii University Library On Display 09/15/2023 19246   HF 5691 .J64 1985 003324 09/15/2023 C.1 09/15/2023 Long Loan Book